000 00721nam a2200217 i 4500
001 189723
003 ES-MaACL
005 20251003200311.0
007 t|
008 190930s1966 sp ||||1| spa d
111 0 _aConcilio Vaticano (
_n2º.
_d1962-1965)
_9122
245 1 0 _aDecreto sobre el ministerio y la vida de los presbiteros /
_c[traduccion de José Guillén].
260 _aSalamanca :
_bSígueme,
_c1966.
300 _a101 p. ;
_c23 cm.
490 1 _aColección "Iglesia, Siglo XX" ;
_v26
650 0 4 _aSacerdotes.
_916959
700 1 _aGuillén, José,
_d1913-
_960769
830 0 0 _aColección "Iglesia, siglo XX"
_v26
_9182791
852 _aES-MaACL
_jP-863-Bis-16
999 _c189723
_d189723